书目信息 |
| 题名: |
园艺设计大全 2
|
|
| 作者: | 卡洛琳·博伊赛特 著 ;刘德江 译 | |
| 分册: | ||
| 出版信息: | 广州 广东科技出版社 2002.07 |
|
| 页数: | 131页 | |
| 开本: | 26cm | |
| 丛书名: | ||
| 单 册: | ||
| 中图分类: | TU , TU986.2 | |
| 科图分类: | ||
| 主题词: | 园林--规划 , 公园--绿化规划 | |
| 电子资源: | ||
| ISBN: | 7-5359-2966-4 | |
| 000 | 00720nam0 2200229 45 | |
| 001 | 0331553954 | |
| 005 | 2003032508455337 | |
| 010 | @a7-5359-2966-4@d68.00CNY | |
| 100 | @a20030325d2002 km y0chiy0120 ea | |
| 101 | 0 | @achi |
| 102 | @aCN@b440000 | |
| 200 | 1 | @a园艺设计大全 2@Ayuan yi she ji da quan 2@f(英)卡洛琳·博伊赛特著@F(Ying)Ka Luo Lin·Bo Yi Sai Te Zhu@g刘德江译@GLiu De Jiang Yi |
| 210 | @a广州@c广东科技出版社@d2002.07 | |
| 215 | @a131页@d26cm | |
| 606 | 0 | @a园林@x规划 |
| 606 | 0 | @a公园@x绿化规划 |
| 690 | @aTU@v3 | |
| 690 | @aTU986.2@v4 | |
| 701 | 0 | @a卡洛琳·博伊赛特@AKa Luo Lin·Bo Yi Sai Te@4著 |
| 702 | 0 | @a刘德江@ALiu De Jiang@4译 |
| 801 | 0 | @aCN@bPFT@c20030325 |
| 905 | @a10447@dTU986.2@eK063:2 | |
| 园艺设计大全 2/(英)卡洛琳·博伊赛特著/刘德江译.-广州:广东科技出版社,2002.07 |
| 131页;26cm |
| ISBN 7-5359-2966-4:68.00CNY |
| ● |
| 相关链接 |
|
|
|
正题名:园艺设计大全 2
索取号:TU986.2/K063:2
 
预约/预借
| 序号 | 登录号 | 条形码 | 馆藏地/架位号 | 状态 | 备注 |
| 1 | 367611 | 203676110 | 建筑库201/201建筑库 98排1列5层/ [索取号:TU986.2/K063:2] | 在馆 |